United States Army Ranks - Statistics

General Stats
  • This quiz has been taken 506 times
    478 since last reset
  • The average score is 17 of 29
Answer Stats
Paygrade Rank % Correct
E-1 Private
93%
E-2 Private II
92%
E-5 Sergeant
89%
E-4b Corporal
81%
O-10 General
81%
O-4 Major
79%
O-3 Captain
76%
O-6 Colonel
70%
E-3 Private First Class
70%
E-6 Staff Sergeant
69%
E-4a Specialist
66%
E-9a Sergeant Major
64%
E-8a Master Sergeant
60%
O-8 Major General
59%
O-2 First Lieutenant
56%
O-1 Second Lieutenant
56%
W-1 Warrant Officer
56%
O-7 Brigadier General
55%
E-8b First Sergeant
55%
O-9 Lieutenant General
54%
O-5 Lieutenant Colonel
53%
E-7 Sergeant First Class
52%
E-9c [SEA] Sergeant Major of the Army
49%
E-9b Command Sergeant Major
47%
O-11 [Special] General of the Army
41%
W-2 Chief Warrant Officer 2
32%
W-4 Chief Warrant Officer 4
32%
W-3 Chief Warrant Officer 3
31%
W-5 Chief Warrant Officer 5
29%
No matching quizzes found
Score Distribution
Percent of People with Each Score
Percentile by Number Answered
Your Score History
You have not taken this quiz since the last reset